Datum a čas kvízu
30
Celkem bodů
Celkový počet nahraných bodů na tomto kvízu bez doplňovacích otázek.
6.
Pořadí na kvízu
Konečné umístění týmu na tomto kvízu.
Zaznamenané odpovědi
| # | Otázka | Odpověď | Body | Výsledky |
|---|---|---|---|---|
| 1. | Jak jste jistě mohli zaznamena... | do Indie | 1 | |
| 2. | Skotský parlament minulý týden... | o menstruační potřeby | 0 | |
| 3. | V pátek byly v Paříži uděleny... | Roman Polański | 1 | |
| 4. | Britský maloobchodní řetězec T... | mají různé odstíny podle barev pleti | 0 | |
| 5. | Londýnský fotbalový velkoklub... | Olympiakos Pireus | 0 | |
| 6. | Peníze máme v ruce každý den,... | Padělání bankovek se trestá podle zákona. | 1 | |
| 7. | Která z těchto osobností jako... | A | 0 | |
| 8. | Celkem kolikrát je na obou str... | čtyřikrát | 1 | |
| 9. | Kolik Kč činí nominální hodnot... | 2 000 Kč | 1 | |
| 10. | Které z mincí o hodnotě 1 až 5... | všechny | 0 |